000 00521nam a2200169Ia 4500
008 090201s9999 xx 000 0 und d
010 _aKPL-58371
040 _bमराठी
041 _aमराठी
082 _a6496
_b58371
100 _aविश्राम बेडेकर
245 _aरणांगण
_cविश्राम बेडेकर
260 _c2004
_bदेशमुख आणि कंपनी
300 _a102
_bमोठा
600 _aरणांगण
942 _cBOOK
999 _c207316
_d207316